Loading...
History - World History | 0 | 3 | 0 | 1 | 30 | 51 | 95.00 | 0 | 1 |
Science - Other Science | 0 | 3 | 0 | 0 | 30 | 79 | 93.67 | 0 | 2 |
History - European History | 0 | 2 | 0 | 0 | 20 | 121 | 126.50 | 0 | 0 |
Geography/Current Events | 0 | 2 | 0 | 1 | 20 | 77 | 100.00 | 0 | 0 |
Social Science | 0 | 2 | 0 | 2 | 20 | 111 | 112.50 | 0 | 0 |
Literature - World/Other Literature | 0 | 1 | 0 | 0 | 10 | 123 | 123.00 | 0 | 0 |
Pop Culture | 0 | 1 | 0 | 0 | 10 | 82 | 82.00 | 0 | 1 |
Literature - European Literature | 0 | 1 | 0 | 1 | 10 | 130 | 130.00 | 0 | 0 |
History - Other History | 0 | 1 | 0 | 1 | 10 | 114 | 114.00 | 0 | 0 |
Literature - American Literature | 0 | 1 | 0 | 0 | 10 | 72 | 72.00 | 0 | 1 |
Literature - British Literature | 0 | 1 | 0 | 0 | 10 | 128 | 128.00 | 0 | 0 |
Fine Arts - Other Fine Arts | 0 | 1 | 0 | 1 | 10 | 129 | 129.00 | 0 | 0 |
Science - Chemistry | 0 | 1 | 0 | 0 | 10 | 56 | 56.00 | 0 | 0 |
Science - Biology | 0 | 1 | 1 | 1 | 5 | 124 | 124.00 | 0 | 0 |
History - American History | 0 | 1 | 1 | 0 | 5 | 73 | 73.00 | 0 | 1 |
Mythology | 0 | 1 | 1 | 0 | 5 | 62 | 62.00 | 0 | 1 |
Religion | 0 | 1 | 2 | 0 | 0 | 84 | 84.00 | 0 | 1 |